书目信息 |
| 题名: |
自动化制造系统
|
|
| 作者: | 张根保 主编 | |
| 分册: | ||
| 出版信息: | 北京 机械工业出版社 2009.02 |
|
| 页数: | 263页 | |
| 开本: | 28cm | |
| 丛书名: | ||
| 单 册: | ||
| 中图分类: | TH165 | |
| 科图分类: | ||
| 主题词: | 柔性制造系统 , 柔性制造单元 | |
| 电子资源: | ||
| ISBN: | 978-7-111-06869-3 | |
| 000 | 00705nam0 2200253 45 | |
| 001 | 0956691119 | |
| 005 | 20091112112122.40 | |
| 010 | @a978-7-111-06869-3@dCNY29.00 | |
| 100 | @a20090515d2009 ekmy0 y0120 ea | |
| 102 | @aCN@b130000 | |
| 102 | @aCN@b110000 | |
| 105 | @ay z 000yy | |
| 200 | 1 | @a自动化制造系统@Azi dong hua zhi zao xi tong@f张根保主编@Fzhang gen bao zhu bian |
| 205 | @a第2版 | |
| 210 | @a北京@c机械工业出版社@d2009.02 | |
| 210 | @a北京@c机械工业出版社 | |
| 215 | @a263页@d28cm | |
| 606 | 0 | @a柔性制造系统 |
| 606 | 0 | @a柔性制造单元 |
| 690 | @aTH165@v4 | |
| 701 | 0 | @a张根保@Azhang gen bao@4主编 |
| 801 | 0 | @aCN@c20091112 |
| 905 | @a10447@dTH165@eZ100 | |
| 906 | @d29@n2@r1 | |
| 自动化制造系统/张根保主编.-第2版.-北京:机械工业出版社,2009.02.-北京:机械工业出版社 |
| 263页;28cm |
| ISBN 978-7-111-06869-3:CNY29.00 |
| ● |
| 相关链接 |
|
|
|
正题名:自动化制造系统
索取号:TH165/Z100
 
预约/预借
| 序号 | 登录号 | 条形码 | 馆藏地/架位号 | 状态 | 备注 |
| 1 | 891707 | 208917074 | 自科库501/501自科库 38排4列1层/ [索取号:TH165/Z100] | 在馆 | |
| 2 | 891708 | 208917083 | 自科库501/501自科库 38排4列1层/ [索取号:TH165/Z100] | 在馆 |